000 00986nam a2200241 a 4500
001 49181
003 BD-RjUL
005 20211209054639.0
008 160818s1989 bg ||||| |||| 00| 0 ben d
020 _c: Tk.450.00
035 _a(BD-RjUL)49300
040 _aBD-RjUL
_bben
_cBD-RjUL
_dBD-RjUL
041 _aben
082 _223
_a891.4409
_bSAM 1989
245 0 1 _aসমকালীন বাংলা সাহিত্য /
_cসম্পাদক, খান সারওয়ার মুরশিদ
250 _a১ম সং.
260 _aঢাকা :
_bএশিয়াটিক সোসাইটি,
_c১৯৮৯
300 _a৪০৬ পৃ. ;
_c২৩ সেমি.
650 _aবাংলা সাহিত্য
_vইতিহাস ও সমালোচনা
_9122719
650 _aBengali literature
_vHistory and Criticism
_9122720
700 _aমুরশিদ, খান সারওয়ার সম্পাদক,
_9127307
942 _2ddc
_cBK
999 _c49181
_d49181